Statistics for Megacities Map Quiz

Click here to take the quiz!

General Stats

  • This quiz has been taken 65 times
    (32 since last reset)
  • The average score is 26 of 37

Answers on the Map

Answers color-coded by a green-red scale on the quiz's map according to % correct below.
 

Answer Stats

Answer% Correct
Los Angeles
90%
Mexico City
90%
Bangkok
85%
Buenos Aires
85%
Cairo
85%
New York City
85%
Delhi
80%
Istanbul
80%
Lima
80%
London
80%
Moscow
80%
Dhaka
75%
Jakarta
75%
Kinshasa
75%
Lagos
75%
Manila
75%
Paris
75%
São Paulo
75%
Tehran
75%
Bengaluru
70%
Chennai
70%
Johannesburg
70%
Kolkata
70%
Lahore
65%
Mumbai
65%
Seoul
65%
Guangzhou
60%
Karachi
60%
Nagoya
60%
Shanghai
60%
Beijing
55%
Hyderabad
55%
Rio de Janeiro
55%
Tianjin
55%
Tokyo
55%
Xiamen
50%
Osaka
45%

Score Distribution

Percentile by Number Answered

Percent of People with Each Score

Your Score History

You have not taken this quiz since the last reset